Sledovač vodiacej čiary realizovaný paralelným spracovaním vstupných vektorov

Na minha lista:
Detalhes bibliográficos
Autor principal: Ondrášik, Jakub (Author)
Outros Autores: Horváth, Dušan (Thesis advisor)
Formato: Manuscrito Livro
Idioma:eslovaco
Publicado em: 2022
Assuntos:
Acesso em linha:http://is.stuba.sk/zp/portal_zp.pl?podrobnosti=164337
Tags: Adicionar Tag
Sem tags, seja o primeiro a adicionar uma tag!

MARC

LEADER 00000ntm a22000003a 4500
001 stuzp87528
003 SK-STU
005 20220611211101.6
007 ta
008 150427s2015----xo-----f-mn---000-0-slo-d
040 |a STU  |b slo 
041 0 |a slo 
100 1 |a Ondrášik, Jakub  |u 066000  |k Z4  |4 aut  |U MTF Materiálovotechnologická fakulta  |T MTF Ústav aplikovanej informatiky, automatizácie a mechatroniky  |X 91704  |U M6000  |Y 86  |7 91704 
242 0 1 |a Guide line tracker realized by parallel processing of input vectors  |y eng 
245 1 0 |a Sledovač vodiacej čiary realizovaný paralelným spracovaním vstupných vektorov 
260 |c 2022 
650 4 |a sledovač vodiacej čiary  |2 slo 
650 4 |a paralelné spracovanie vstupných vektorov  |2 slo 
650 4 |a neurónové siete  |2 slo 
650 4 |a Arduino  |2 slo 
650 4 |a parallel processing of input vectors  |2 eng 
650 4 |a neural networks  |2 eng 
650 4 |a Arduino  |2 eng 
650 4 |a guide line tracker  |2 eng 
700 1 |a Horváth, Dušan  |u 066000  |k Z1  |4 ths  |U MTF Materiálovotechnologická fakulta  |T MTF Ústav aplikovanej informatiky, automatizácie a mechatroniky  |X 62891  |U M6000  |Y 86  |7 A000062891 
856 4 |u http://is.stuba.sk/zp/portal_zp.pl?podrobnosti=164337 
996 |c M* DP-14941  |l MMSKP  |s P  |a 0  |w stuzp87528_0001